Регионална библиотека "Любен Каравелов" - Русе

Владетели на България (Запис номер 1971)

MARC детайли
000 -Лидер
Контролно поле с фиксирана дължина 01924nam a2200469 c 4500
003 - Код на организацията, давaща контролен номер
Контролно поле BLK
005 - Дата и час на последна редакция
Контролно поле 20250605160900.0
008 - Елементи от данни с фиксирана дължина
fixed length control field 180412b bul|||||r ||||||| ||bul||
010 ## - Наследен системен номер
LC control number KNG00002894000
020 ## - Международен стандартен номер на книга ISBN
Международен стандартен номер на книга ISBN 954-474-333-2
040 ## - Източник на каталожния запис
Идентификатор на билиотеката - собственик на записа BLK
041 ## - Код за език
Код за езика на текст/звукозапис или на отделно заглавие Български
Код за езика КДБФ Български
080 ## - УДК
Текстов определител УДК История на България
УДК код - определител по УДК 94(497.2)
УДК определител (092)(02.062)
УДК - код + определител 94(497.2)(092)(02.062)
080 ## - УДК
Текстов определител УДК Биографии
УДК код - определител по УДК 929
УДК определител (497.2)
УДК - код + определител 929(497.2)
139 ## - Редно поле
Редна дума Лалков, Милчо Димитров и др.
Авторски знак Лал - Л 17
245 10 - Сведения за заглавието
Заглавие Владетели на България
Подзаглавни данни Ханове, царе, държавници
Редно поле (дума) текст Милчо Димитров Лалков; текст Драгомир Драганов; ил. Текла Вилхелм Алексиева.
250 ## - Област на изданието
Сведения за изданието 2. изд.
257 ## - Страна на издаване
Страна на създаване/издаване България
260 ## - Област на издателските данни
Име на издателя, разпространителя и проч. Кибеа
Година на издаване 2003
Печатница Отпеч. в Словакия
300 ## - Физическа характеристика
Страници 68 с.
Илюстрации и др. с ил., портр., к.
Размери/Мащаб 33 см
380 ## - Жанр
Жанр История
500 ## - Общи забележки
Забележка Авт. не са отбелязани на кор. - 1. изд. 1995 ; В кн. означено 4. прераб. изд.
650 #4 - Допълнително описание по предмет – тема
Основно описание – тема или топоним Владетели, български
9 (RLIN) 245086
651 #4 - Допълнително описание по предмет - топоним
Географско понятие България
9 (RLIN) 241624
653 ## - Ключова дума – ненормативна
Ключова дума български владетели
653 ## - Ключова дума – ненормативна
Ключова дума ханове
653 ## - Ключова дума – ненормативна
Ключова дума царе
653 ## - Ключова дума – ненормативна
Ключова дума държавници
653 ## - Ключова дума – ненормативна
Ключова дума князе
653 ## - Ключова дума – ненормативна
Ключова дума българска история
653 ## - Ключова дума – ненормативна
Ключова дума биографии
700 ## - Други автори (авторска отговорност)
Лично име Лалков, Милчо Димитров
Дати, свързани с автора 1944 - 2000
Друга информация Историк.
9 (RLIN) 363743
700 1# - Други автори (авторска отговорност)
Лично име Драганов, Драгомир
Автороска отговорност (Описва отношението между автора и произведението) текст
9 (RLIN) 245084
700 1# - Други автори (авторска отговорност)
Лично име Алексиева, Текла Вилхелм
Автороска отговорност (Описва отношението между автора и произведението) ил.
9 (RLIN) 245085
852 ## - Местоположение
Форматна сигнатура Цб ІІ 13922
856 4# - Електронен адрес и достъп
Електронен формат pdf - файл
Път до файла /url/
856 4# - Електронен адрес и достъп
Електронен формат pdf - файл
Път до файла /url/
999 ## - СИСТЕМНИ КОНТРОЛНИ НОМЕРА
Koha biblionumber 1971
Koha biblioitemnumber 1971
942 ## - АРТИКУЛИ
Вид на библиотечния материал Книги
Скрит в OPAC Не
Koha issues (borrowed), all copies 26
Периодичен библиозапис Да
944 ## - СЪЗДАВАНЕ И РЕДАКЦИЯ на ЗАПИСА
Създаване/Редакция Създаване
Дата на регистрацията/редакция 25.07.2006
Служител, извършил регистрацията/редакцията 30564
Статус, дата на статуса Анна Гръцманова
944 ## - СЪЗДАВАНЕ И РЕДАКЦИЯ на ЗАПИСА
Създаване/Редакция Редакция
Дата на регистрацията/редакция 14.10.2008
999 ## - СИСТЕМНИ КОНТРОЛНИ НОМЕРА
Koha biblioitemnumber 1971
Наличности
Код за отписване Код за изгубен артикул Код за повреда Коз за рестрикции Код за отдаване Артикулен № Име на библиотеката - собственик Име на библиотеката, в която се намира в момента Статус (Текущо местоположение) Дата на вписване в системата Местоположение - отдел Цена в лева Инвентарен номер Систематично азбучна сигнатура Баркод Номер на екземпляра Цена в евро Служебна бележка Служебен тип на артикула Източник на класификационната схема
  Не е изгубен Не е повреден без рестрикции ползва се в читалня 3698 Регионална библиотека "Любен Каравелов" Русе Регионална библиотека "Любен Каравелов" Русе Хранилище 2006-08-08 Хранилище 0.00 120000704461 Цб ІІ 13922 120000704461 1 0.00 Дост: Dp Вид: Д N: 32 Дата: 27.07.2005 Книги  
  Не е изгубен Не е повреден без рестрикции заемане за дома 3699 Регионална библиотека "Любен Каравелов" Русе Регионална библиотека "Любен Каравелов" Русе Детски отдел 2008-07-22 Детски отдел 25.00 120000727735 ДН 949.72/Л 17 120000727735 2 12.78 Дост: Pk Вид: Ф N: 6001 Дата: 17.07.2008 Дата инв: 25.08.2015 Бележки инв: Д2015 Книги Universal Decimal Classification
  Не е изгубен Не е повреден без рестрикции заемане за дома 3700 Регионална библиотека "Любен Каравелов" Русе Регионална библиотека "Любен Каравелов" Русе Детски отдел 2008-09-30 Детски отдел 30.00 120000730132 ДН 949.72/Л 17 120000730132 3 15.34 Дост: Pk Вид: Ф N: 8939 Дата: 24.09.2008 Дата инв: 21.08.2015 Бележки инв: Д2015 Книги  
  Не е изгубен Не е повреден без рестрикции заемане за дома 3701 Регионална библиотека "Любен Каравелов" Русе Регионална библиотека "Любен Каравелов" Русе Детски отдел 2008-09-30 Детски отдел 30.00 120000730133 ДН 949.72/Л 17 120000730133 4 15.34 Дост: Pk Вид: Ф N: 8939 Дата: 24.09.2008 Дата инв: 25.08.2015 Бележки инв: Д2015 Книги  
  Не е изгубен Не е повреден без рестрикции заемане за дома 3702 Регионална библиотека "Любен Каравелов" Русе Регионална библиотека "Любен Каравелов" Русе Детски отдел 2008-09-30 Детски отдел 30.00 120000730134 ДН 949.72/Л 17 120000730134 5 15.34 Дост: Pk Вид: Ф N: 8939 Дата: 24.09.2008 Дата инв: 25.08.2015 Бележки инв: Д2015 Книги  
Vip Innovations Ltd, Rousse, Bulgaria 2025